[Event "OMA-ch 11th"]
[Site "Muscat"]
[Date "2024.01.27"]
[Round "4"]
[White "Qatan, Said Mahad"]
[Black "Al Handhali, Mazin"]
[Result "0-1"]
[WhiteElo "1610"]
[BlackElo "1314"]
[PlyCount "86"]
[EventDate "2024.01.24"]
[EventType "swiss"]
[EventRounds "9"]
[EventCountry "OMN"]
[SourceTitle "CB06_2024"]
[SourceDate "2024.02.07"]
[SourceVersion "1"]
[SourceVersionDate "2024.02.07"]
[SourceQuality "1"]

1. e4 e6 2. d4 d5 3. exd5 exd5 4. Nf3 Nf6 5. c4 Be7 6. Nc3 h6 7. Qb3 c6 8. cxd5 cxd5 9. Bb5+ Nc6 10. Ne5 Bd7 11. Nxd5 Nxd5 12. Qxd5 Nxe5 13. Qxe5 Qa5+ 14. Bd2 Qxb5 15. Qxg7 Rf8 16. 0-0-0 Bf5 17. Rhe1 Bg6 18. d5 Kd7 19. Rxe7+ Kxe7 20. Bc3 Kd7 21. Qd4 Qe2 22. Rd2 Qe4 23. Qxe4 Bxe4 24. f3 Bg6 25. Rd4 Rfe8 26. Kd2 Rac8 27. Rh4 h5 28. g4 hxg4 29. Rxg4 Re7 30. d6 Re6 31. Bb4 Rc2+ 32. Kd1 Rxb2 33. Rc4 Rxd6+ 34. Kc1 Rxa2 35. Bxd6 Kxd6 36. h4 b5 37. Rc8 a5 38. Rh8 Rc2+ 39. Kd1 Rh2 40. Kc1 a4 41. f4 a3 42. f5 Bxf5 43. h5 a2 0-1